| Tag |
First Indicator |
Second Indicator |
Subfields |
| LEADER |
00000cgm a2200000za 4500 |
| 001 |
in00003591221 |
| 006 |
m o c |
| 007 |
vz uzazuu |
| 007 |
cr una---unuuu |
| 008 |
150908p20152013cau029 o vlund d |
| 005 |
20260324170428.7 |
| 028 |
5 |
2 |
|a 1149239
|b Kanopy
|
| 035 |
|
|
|a (CaSfKAN)kan1149239
|
| 040 |
|
|
|a VDU
|b eng
|c VDU
|d UtOrBLW
|
| 245 |
0 |
0 |
|a 1942-The Dawn of the Atom.
|
| 264 |
|
1 |
|a [San Francisco, California, USA] :
|b Kanopy Streaming,
|c 2015.
|
| 300 |
|
|
|a 1 online resource (streaming video file)
|
| 306 |
|
|
|a Duration: 30 minutes
|
| 336 |
|
|
|a two-dimensional moving image
|b tdi
|2 rdacontent
|
| 337 |
|
|
|a computer
|b c
|2 rdamedia
|
| 338 |
|
|
|a online resource
|b cr
|2 rdacarrier
|
| 500 |
|
|
|a Title from title frames.
|
| 511 |
0 |
|
|a Features: University of Pennsylvania, Vejas Gabriel Liulevicius Ph.D.
|
| 518 |
|
|
|a Originally produced by The Teaching Company/The Great Courses in 2013.
|
| 520 |
|
|
|a When German physicists split the atom, Albert Einstein warned President Roosevelt of the potential for "extremely powerful bombs of a new type." Chart the course of the nuclear bomb from this letter through the first nuclear chain reaction led by physicist Enrico Fermi, the Manhattan Project, and devastation in Hiroshima and Nagasaki.
|
| 538 |
|
|
|a Mode of access: World Wide Web.
|
| 546 |
|
|
|a In English
|
| 500 |
|
|
|a Electronic resource.
|
| 653 |
|
|
|a European/Baltic Studies
|
| 653 |
|
|
|a History - Military
|
| 653 |
|
|
|a History - Modern
|
| 655 |
|
7 |
|a Nonfiction films.
|2 lcgft
|0 http://id.loc.gov/authorities/genreForms/gf2011026423
|
| 655 |
|
7 |
|a Internet videos.
|2 lcgft
|0 http://id.loc.gov/authorities/genreForms/gf2011026337
|
| 710 |
2 |
|
|a Kanopy (Firm)
|0 http://id.loc.gov/authorities/names/no2014091415
|
| 856 |
4 |
0 |
|u http://proxy.library.tamu.edu/login?url=https://texasam.kanopystreaming.com/node/149240
|z Connect to this streaming video
|t 0
|
| 999 |
f |
f |
|s b2bef564-3fcb-3bb7-9273-fa7af1227aec
|i a27c4b31-e6ad-343b-9614-83f6dcd8e76c
|t 0
|
| 952 |
f |
f |
|a Texas A&M University
|b College Station
|c Electronic Resources
|s www_evans
|d Available Online
|t 0
|h No information provided
|
| 998 |
f |
f |
|t 0
|l Available Online
|